000 00532nam a2200181Ia 4500
005 20250326141133.0
008 250326s9999 xx 000 0 und d
037 _aTextbook
040 _aFMSL
_beng
_cFMSL
041 _aeng
_2eng
084 _qFMSL
100 _aMoore J.f.
_9743799
245 4 _aThe death of competition : Leadership and strategy in the age of business Eco systems.
_cMoore J.f.
260 _aNew York
_bNew York, Johan wiley & Sons.
_c1996
300 _a311p
942 _cTB
999 _c1288873
_d1288873